| 000 | 00000nam 2200000za 4500 |
| 001 | 9.800139 |
| 003 | CaOODSP |
| 005 | 20250506145324 |
| 007 | cr ||||||||||| |
| 008 | 150423r19851984xxca |s f|0| 0 eng d |
| 020 | |z0-662-12994-6 |
| 040 | |aCaOODSP|beng |
| 043 | |an-cn--- |
| 086 | 1 |aA73-1759/1984E-PDF |
| 245 | 00|aMaking dairy products at home |h[electronic resource]. |
| 260 | |aOttawa : |bAgriculture Canada, |c1985, c1984. |
| 300 | |a12 p. : |bill. |
| 500 | |aHistorical publication digitized by Agriculture and Agri-Food Canada. |
| 500 | |a"This publication replaces Publication 1669, Home-made dairy products"--p.2 of 12. |
| 500 | |aAlso available in French under title: Les produits laitiers maison. |
| 692 | 07|2gccst|aDairy products. |
| 692 | 07|2gccst|aCooking |
| 710 | 1 |aCanada.|bAgriculture Canada. |
| 775 | 08|tLes produits laitiers maison |w(CaOODSP)9.800140 |
| 856 | 40|qPDF|s642 KB|uhttps://publications.gc.ca/collections/collection_2015/aac-aafc/A73-1759-1984-eng.pdf |
| 986 | |aPublication 1759/E |